[Event "Quart de Poblet op 6th"]
[Site "Quart de Poblet"]
[Date "2018.09.01"]
[Round "8.10"]
[White "Pena Riasco, Alexander"]
[Black "Birnoveanu, Petru"]
[Result "1/2-1/2"]
[WhiteElo "2137"]
[BlackElo "1828"]
[PlyCount "134"]
[EventDate "2018.08.27"]
[EventType "swiss"]
[EventRounds "9"]
[EventCountry "ESP"]
[SourceTitle "EXT 2024"]
[Source "ChessBase"]
[SourceDate "2023.10.10"]
[SourceVersion "1"]
[SourceVersionDate "2023.10.10"]
[SourceQuality "1"]

1. d4 g6 2. Bf4 Bg7 3. e3 c5 4. c3 cxd4 5. exd4 d6 6. Nf3 Qb6 7. Qc1 Bg4 8. Nbd2 Nd7 9. h3 Bxf3 10. Nxf3 Rc8 11. Be2 Ngf6 12. 0-0 Nd5 13. Bd2 e5 14. dxe5 dxe5 15. Rb1 Ne7 16. Be3 Qc7 17. Rd1 Nf5 18. Bb5 Rd8 19. Bg5 Ne7 20. Bxe7 Kxe7 21. Qe3 Nb6 22. Qe4 a6 23. Bf1 Rxd1 24. Rxd1 h6 25. a4 Rd8 26. Rxd8 Kxd8 27. a5 Nd7 28. b4 f5 29. Qd5 g5 30. c4 Qc6 31. Qg8+ Bf8 32. Nxe5 Qf6 33. Nf3 g4 34. hxg4 fxg4 35. Nh2 g3 36. fxg3 Qd4+ 37. Kh1 Kc7 38. b5 axb5 39. cxb5 Bc5 40. Nf3 Qa1 41. b6+ Kd6 42. Nd2 Qe1 43. Qg6+ Ke7 44. Qe4+ Qxe4 45. Nxe4 Bb4 46. a6 bxa6 47. Bxa6 Nxb6 48. g4 Kf7 49. Kh2 Be7 50. Kg3 Nd7 51. Kf4 Kg7 52. Kf5 Bd8 53. Bd3 Nf8 54. Bb5 Nh7 55. Nc5 Ng5 56. Be8 Be7 57. Nd3 Bd6 58. Bh5 Bg3 59. Nc5 Bd6 60. Nd7 Nh7 61. Be8 Nf8 62. Nf6 Be7 63. Nh5+ Kh7 64. Bf7 Bg5 65. Be6 Kh8 66. Ng3 Kg7 67. Ne4 Be7 1/2-1/2

[Event "Valencia Region-ch"]
[Site "Valencia"]
[Date "2015.11.14"]
[Round "6.11"]
[White "Moreto Quintana, Alexandre"]
[Black "Birnoveanu, Petru"]
[Result "1-0"]
[WhiteElo "2082"]
[BlackElo "1808"]
[PlyCount "78"]
[EventDate "2015.10.03"]
[EventType "swiss"]
[EventRounds "7"]
[EventCountry "ESP"]
[SourceTitle "EXT 2024"]
[Source "ChessBase"]
[SourceDate "2023.10.10"]
[SourceVersion "1"]
[SourceVersionDate "2023.10.10"]
[SourceQuality "1"]

1. d4 Nf6 2. c4 e6 3. g3 c5 4. Nf3 cxd4 5. Nxd4 Nc6 6. Bg2 Bb4+ 7. Bd2 Qb6 8. Nb3 a5 9. 0-0 a4 10. Be3 Qc7 11. Nd4 Nxd4 12. Qxd4 d6 13. Nc3 Bd7 14. Ne4 Ke7 15. Bg5 e5 16. Qd3 h6 17. Nxf6 gxf6 18. Bh4 h5 19. Qf3 Rh6 20. Qxb7 Qxb7 21. Bxb7 Rb8 22. Bg2 Bc5 23. Rab1 Bg4 24. b4 axb3 25. Rxb3 Rhh8 26. Rfb1 Rxb3 27. Rxb3 Bxe2 28. Rb7+ Ke6 29. Bd5+ Kf5 30. Rxf7 e4 31. Rxf6+ Ke5 32. Re6+ Kf5 33. Rxe4 Bg4 34. Rf4+ Kg6 35. Be4+ Kh6 36. Rf7 Bd4 37. Kg2 Be6 38. Re7 Bxc4 39. f4 Bxa2 1-0

[Event "Quart de Poblet op 3rd"]
[Site "Quart de Poblet"]
[Date "2015.07.18"]
[Round "2.9"]
[White "Birnoveanu, Petru"]
[Black "Gimeno Martos, Roberto"]
[Result "0-1"]
[WhiteElo "1827"]
[BlackElo "2142"]
[PlyCount "82"]
[EventDate "2015.07.18"]
[EventType "swiss"]
[EventRounds "7"]
[EventCountry "ESP"]
[SourceTitle "EXT 2024"]
[Source "ChessBase"]
[SourceDate "2023.10.10"]
[SourceVersion "1"]
[SourceVersionDate "2023.10.10"]
[SourceQuality "1"]

1. e4 g6 2. d4 Bg7 3. Nc3 d6 4. Be3 Nf6 5. f3 c6 6. Qd2 h5 7. h4 Be6 8. Nge2 Bc4 9. b3 Ba6 10. 0-0-0 Nbd7 11. Nf4 Bxf1 12. Rhxf1 Qa5 13. Na4 Qc7 14. Nd3 b5 15. Nab2 c5 16. dxc5 dxc5 17. c4 a6 18. Nf4 0-0 19. Nd5 Nxd5 20. exd5 Ne5 21. d6 exd6 22. Qxd6 Qa5 23. Kb1 Rad8 24. Qxc5 Rc8 25. Qb6 Qa3 26. Bc1 bxc4 27. f4 c3 28. fxe5 c2+ 29. Ka1 cxd1Q 30. Rxd1 Bxe5 31. Qf2 Rfd8 32. Rf1 Qe7 33. Kb1 Qb7 34. Qe2 Bg7 35. Nc4 Rc5 36. Bb2 Rcd5 37. Bxg7 Kxg7 38. g4 hxg4 39. Qxg4 Rd4 40. Qg5 Qe4+ 41. Kc1 Rxc4+ 0-1

[Event "FICGS rapid B 000140 email"]
[Site "FICGS email"]
[Date "2010.01.24"]
[Round "1"]
[White "Dikant, Christophe"]
[Black "Birnoveanu, Petru"]
[Result "1-0"]
[WhiteElo "1745"]
[BlackElo "1800"]
[PlyCount "39"]
[EventDate "2010.??.??"]
[EventType "tourn (rapid)"]
[EventRounds "1"]
[SourceTitle "Corr 2013"]
[Source "ChessBase"]
[SourceDate "2012.11.12"]
[SourceVersion "1"]
[SourceVersionDate "2012.11.12"]
[SourceQuality "1"]

1. d4 d5 2. Nf3 e6 3. e3 c5 4. c3 Nc6 5. Bd3 cxd4 6. exd4 g6 7. 0-0 Bg7 8. Qe2 Nge7 9. Bf4 0-0 10. Nbd2 a6 11. h4 f6 12. Rae1 Qb6 13. Nb3 Nd8 14. Qc2 Qc6 15. h5 f5 16. hxg6 hxg6 17. Ne5 Qb6 18. Nd2 Ndc6 19. Ndf3 Nxe5 20. Nxe5 1-0